Guess the Series by Fictional Swear Word - Statistics

General Stats
  • This quiz has been taken 125 times
  • The average score is 2 of 8
Answer Stats
Hint Answer % Correct
Mudblood Harry Potter
91%
Cottonheaded Ninnymuggins Elf
32%
Nerfherder Star Wars
29%
Frinx Star Trek
13%
Prawn District 9
11%
Algebraic Adventure Time
5%
Belgium Hitchhikers Guide to the Galaxy
5%
Frak Battlestar Galactica
4%
No matching quizzes found
Score Distribution
Percent of People with Each Score
Percentile by Number Answered
Your Score History
You have not taken this quiz